Quick Pick: 'Black Panther' Characters Quiz Stats

 Plays Quiz Updated Sep 12, 2019

Score 0/12 Timer 01:30
2 Plays Today
% Correct
T'Challa|Black Panther
95.2%
N'Jadaka|Erik Killmonger
91.7%
M'Baku
91.3%
Shuri
85.9%
Okoye
84.4%
W'Kabi
83.1%
Nakia
79.7%
Ulysses Klaue
78.5%
Everett Ross
71.5%
Zuri
68%
Ayo
55.2%
Ramonda
50.1%

Today's Daily Dose

You're not logged in!

Compare scores with friends on all Sporcle quizzes.
OR
Log In

Sporcle TV

Today on Sporcle TV


Watch our educational content, quiz creation guides, and fun videos on Sporcle TV.

Show Comments

Extras

Top Quizzes Today


Score Distribution

Your Account Isn't Verified!

In order to create a playlist on Sporcle, you need to verify the email address you used during registration. Go to your Sporcle Settings to finish the process.

Report this User

Report this user for behavior that violates our Community Guidelines.

Details: